000 00529nam a2200193 i 4500
001 88671
003 ES-MaACL
007 t|
008 050105s1974 xxu ||||1| eng d
100 1 _aLang, Serge.
_970004
245 1 0 _aAlgebra /
_cSerge Lang.
250 _a[6th ed.].
260 _aReading, Massachusetts :
_bAddison-Wesley,
_c[1974]
300 _aXVII, 526 p. ;
_c21 cm.
490 1 _aWorld student series
830 0 _aWorld student series
_9227835
852 _aES-MaACL
_jE-6559
_bR.91090
999 _c88671
_d88671